| 000 | 00791nam a22002657a 4500 | ||
|---|---|---|---|
| 003 | OSt | ||
| 005 | 20150511141257.0 | ||
| 008 | 130201t xxu||||| |||| 00| 0 eng d | ||
| 020 | _a9711109336 | ||
| 050 |
_aNX 280 _b.Or77 1976 |
||
| 082 | _aFIL 701 | ||
| 100 | _aOrtiz, Ma. Aurora R. | ||
| 245 |
_aArt : _bperception and appreciation / _cMa. Aurora R. Ortiz, Teresita E. Erestain, Alice G. Guillermo, Myrna C. Montano, Santiago A. Pilar. |
||
| 260 |
_aManila : _bUniversity of the East, _c1976. |
||
| 300 |
_axii, 340 pages : _c26 cm. _billustrations ; |
||
| 500 | _aIncludes bibliographical reference and index. | ||
| 526 | _c1210L-1700L | ||
| 562 | _e4 | ||
| 650 | _aArt. | ||
| 942 |
_2lcc _cBK |
||
| 999 |
_c283949 _d283949 |
||